Պայքար ուսման վորակի համար / (Record no. 198414)
[ view plain ]
| 000 -LEADER | |
|---|---|
| fixed length control field | 00801nam a2200217 u 4500 |
| 003 - CONTROL NUMBER IDENTIFIER | |
| control field | AM-YeHGA |
| 040 ## - CATALOGING SOURCE | |
| Original cataloging agency | AM-YeHGA |
| 090 ## - LOCALLY ASSIGNED LC-TYPE CALL NUMBER (OCLC); LOCAL CALL NUMBER (RLIN) | |
| -- | 199894 |
| 001 - CONTROL NUMBER | |
| control field | 000533832 |
| 005 - DATE AND TIME OF LATEST TRANSACTION | |
| control field | 20250618072907.0 |
| 008 - FIXED-LENGTH DATA ELEMENTS--GENERAL INFORMATION | |
| fixed length control field | 070426s1932 ru r 000 0 arm d |
| 041 0# - LANGUAGE CODE | |
| Language code of text/sound track or separate title | arm |
| 100 1# - MAIN ENTRY--PERSONAL NAME | |
| Personal name | Զաքարյան, Յեր. Ն. |
| 245 10 - TITLE STATEMENT | |
| Title | Պայքար ուսման վորակի համար / |
| Statement of responsibility, etc. | Հ. Կովկասի հայկական դպրոցների ուսուցչության համար. |
| 260 ## - PUBLICATION, DISTRIBUTION, ETC. | |
| Place of publication, distribution, etc. | Ռոստով-Դոն : |
| Name of publisher, distributor, etc. | Հյուսիսային Կովկաս, |
| Date of publication, distribution, etc. | 1932. |
| 300 ## - PHYSICAL DESCRIPTION | |
| Extent | պր. |
| 505 10 - FORMATTED CONTENTS NOTE | |
| Miscellaneous information | Պր. 1 (1932, 80 էջ : աղս.) |
| -- | Պր.2 (1935, 112 էջ : աղս.) |
| 650 14 - SUBJECT ADDED ENTRY--TOPICAL TERM | |
| Topical term or geographic name entry element | Կրթական համակարգ |
| 9 (RLIN) | 5575 |
| 650 14 - SUBJECT ADDED ENTRY--TOPICAL TERM | |
| Topical term or geographic name entry element | Դաստիարակչական համակարգ |
| General subdivision | Դպրոց |
| 942 ## - ADDED ENTRY ELEMENTS (KOHA) | |
| Source of classification or shelving scheme | Universal Decimal Classification |
| Koha item type | Գրքեր / Books |
| Withdrawn status | Lost status | Damaged status | Not for loan | Collection | Home library | Current library | Date acquired | Cost, normal purchase price | Serial enumeration / chronology | Total checkouts | Full call number | Barcode | Date last seen | Price effective from | Koha item type | Public note | Source of classification or shelving scheme |
|---|---|---|---|---|---|---|---|---|---|---|---|---|---|---|---|---|---|
| General | Fundamental Scientific Library | Fundamental Scientific Library | 28/12/2016 | 24.00 | 1 | AII/23684 | FL0003223 | 28/12/2016 | 28/12/2016 | Գրքեր / Books | 30 Days Loan | ||||||
| Kusikian Individual Collection | Fundamental Scientific Library | Fundamental Scientific Library | 10/09/2020 | 2 | Կուս/811 | FL0624562 | 10/09/2020 | 10/09/2020 | Գրքեր / Books | ILL Non-Circ. | Universal Decimal Classification |
ՀՀ Գիտությունների ազգային ակադեմիայի հիմնարար գիտական գրադարան = Fundamental Scientific Library of NAS RA
All site content, except where otherwise noted, is licensed under a